El arte de emprender o cómo valorar las alternativas estratégicas de un nuevo negocio (Registro nro. 14445)

Detalles MARC
000 -LEADER
fixed length control field 00416 a2200121 4500
001 - CONTROL NUMBER
control field ART_9862
005 - DATE AND TIME OF LATEST TRANSACTION
control field 20260410161653.0
008 - FIXED-LENGTH DATA ELEMENTS--GENERAL INFORMATION
fixed length control field 260409a
100 1# - MAIN ENTRY--PERSONAL NAME
Personal name Sonfield, Matthew C.
245 10 - TITLE STATEMENT
Title El arte de emprender o cómo valorar las alternativas estratégicas de un nuevo negocio
700 1# - ADDED ENTRY--PERSONAL NAME
Personal name Lussier, Robert N.
773 0# - HOST ITEM ENTRY
Title Harvard Deusto Business Review
Related parts - Nº 82 (ene./feb. 1998)
Record control number REV521

No hay ítems disponibles.